LEADER 03446nam 22009134a 450 001 9910782515003321 005 20230617003752.0 010 $a1-282-19517-4 010 $a9786612195174 010 $a3-11-020082-1 024 7 $a10.1515/9783110200829 035 $a(CKB)1000000000689101 035 $a(EBL)325594 035 $a(OCoLC)191926257 035 $a(SSID)ssj0000271859 035 $a(PQKBManifestationID)11204966 035 $a(PQKBTitleCode)TC0000271859 035 $a(PQKBWorkID)10295296 035 $a(PQKB)10657929 035 $a(MiAaPQ)EBC325594 035 $a(DE-B1597)32710 035 $a(OCoLC)741344515 035 $a(OCoLC)853270281 035 $a(DE-B1597)9783110200829 035 $a(Au-PeEL)EBL325594 035 $a(CaPaEBR)ebr10197226 035 $a(CaONFJC)MIL219517 035 $a(OCoLC)268793640 035 $a(EXLCZ)991000000000689101 100 $a20050603d2005 uy 0 101 0 $ager 135 $aur|n|---||||| 181 $ctxt 182 $cc 183 $acr 200 10$aWiederverwendung von Antike im Mittelalter$b[electronic resource] $edie Sicht des Archa?ologen und die Sicht des Historikers /$fArnold Esch 210 $aBerlin ;$aNew York $cDe Gruyter$dc2005 215 $a1 online resource (100 p.) 225 1 $aHans-Lietzmann-Vorlesungen ;$vHeft 7 300 $aBased on lectures given Dec. 3, 2003 in Jena and Dec. 4, 2003 in Berlin. 300 $a"Akademieunternehmen 'Griechische Christliche Schriftsteller' der Berlin-Brandenburgischen Akademie der Wissenschaften"--P. facing t.p. 311 $a3-11-916280-9 311 $a3-11-018426-5 320 $aIncludes bibliographical references. 327 $t Frontmatter -- $tInhaltsverzeichnis -- $tLaudatio Arnold Esch -- $tWiederverwendung von Antike im Mittelalter -- $t Backmatter 330 $aWiederverwendung antiker Architekturteile und Skulpturen im Mittelalter (sog. Spolien), gesehen aus der Perspektive von Archäologen, Historikern und Kunsthistorikern. 410 0$aHans-Lietzmann-Vorlesungen ;$vHeft 7. 606 $aArchitecture, Medieval 606 $aArchitecture, Classical$xAppreciation$zEurope 606 $aSculpture, Classical$xAppreciation$zEurope 606 $aBuilding materials$xRecycling$zEurope 606 $aBuildings$xRemodeling for other use$zEurope 606 $aCivilization, Medieval$xClassical influences 606 $aMiddle Ages$xHistoriography 606 $aHistory, Ancient$xHistoriography 606 $aArchaeology and history 606 $aSpolia (archeologie)$2gtt 615 0$aArchitecture, Medieval. 615 0$aArchitecture, Classical$xAppreciation 615 0$aSculpture, Classical$xAppreciation 615 0$aBuilding materials$xRecycling 615 0$aBuildings$xRemodeling for other use 615 0$aCivilization, Medieval$xClassical influences. 615 0$aMiddle Ages$xHistoriography. 615 0$aHistory, Ancient$xHistoriography. 615 0$aArchaeology and history. 615 17$aSpolia (archeologie) 676 $a723 686 $a15.34$2bcl 686 $a15.70$2bcl 700 $aEsch$b Arnold$0152057 712 02$aBerlin-Brandenburgische Akademie der Wissenschaften. 801 0$bMiAaPQ 801 1$bMiAaPQ 801 2$bMiAaPQ 906 $aBOOK 912 $a9910782515003321 996 $aWiederverwendung von Antike im Mittelalter$93716789 997 $aUNINA LEADER 01555nas 2200541 a 450 001 996206393503316 005 20240413020501.0 035 $a(CKB)954926938697 035 $a(CONSER) 79026109 035 $a(MiAaPQ)47645 035 $a(MiAaPQ)52567 035 $a(EXLCZ)99954926938697 100 $a20751101b19701997 uy a 101 0 $aeng 181 $ctxt$2rdacontent 182 $cc$2rdamedia 183 $acr$2rdacarrier 200 10$aSearch 210 $a[Sydney] $cAustralian & New Zealand Association for the Advancement of Science, ANZAAS$d-c1997 215 $a1 online resource 300 $a"Science, technology and society." 300 $aPublished -1997: Doncaster MDC, Vic. : Control Publications. 300 $aRefereed/Peer-reviewed 311 $a0004-9549 606 $aScience$vPeriodicals 606 $aTechnology$vPeriodicals 606 $aScience$vAbstracts$vPeriodicals 606 $aScience$zAustralia$vPeriodicals 606 $aScience$zNew Zealand$vPeriodicals 606 $aTechnology$zAustralia$vPeriodicals 606 $aTechnology$zNew Zealand$vPeriodicals 606 $aScience 608 $aPeriodical. 615 0$aScience 615 0$aTechnology 615 0$aScience 615 0$aScience 615 0$aScience 615 0$aTechnology 615 0$aTechnology 615 2$aScience. 676 $a505 712 02$aANZAAS (Association) 906 $aJOURNAL 912 $a996206393503316 920 $aexl_impl conversion 996 $aSearch$9788734 997 $aUNISA LEADER 00931nam0-2200265---450 001 990008660310403321 005 20250414130226.0 035 $a000866031 100 $a20080519d1999----km-y0itay50------ba 101 0 $aita 102 $aIT 105 $aa-------001yy 200 1 $a<>situazione geopolitica dell'Europa mediterranea e atlantica dalla scoperta dell'America alla metà del Cinquecento$fSimonetta Conti 210 $aRoma$cAracne$d1999 215 $ap. 31-37$cill.$d23 cm 300 $aEstr. da: Italia e Spagna tra Quattrocento e Cinquecento 610 0 $aEuropa$aStoria 700 1$aConti,$bSimonetta$0129630 801 0$aIT$bUNINA$gRICA$2UNIMARC 901 $aLG 912 $a990008660310403321 952 $aMISC. C 240$bNBG s.i.$fILFGE 959 $aILFGE 996 $aSituazione geopolitica dell'Europa mediterranea e atlantica dalla scoperta dell'America alla metà del Cinquecento$9715813 997 $aUNINA